000 00684nam a2200253Ia 4500
003 OSt
005 20221006151039.0
006 a|||||r|||| 00| 0
007 ta
008 221006b |||||||| |||| 00| 0 jpn d
020 _c¥6000 (Total)
024 _a20,766
037 _bGift, Japan Foundation
_cTextual
040 _aEASL
_cEASL
_bjpn
041 _2jpn
_ajpn
082 _aX8(J).42.N80, M1.
245 0 _aNosei no keizai bunseki, 2 Vols.
260 _aTokyo
_bMeibunshobo Japan
_c1981
300 _a193+173p.
_ccm.
490 _v JL
650 _aJL
942 _hX8(J).42.N80, M1.
_cTEXL
_2CC
999 _c1088852
_d1088852